| 000 | 00609nam a2200229 a 4500 | ||
|---|---|---|---|
| 003 | AR-BaBNM | ||
| 005 | 20251128203500.0 | ||
| 008 | 082120s2002 ||||||||||||||000 | spa|| | ||
| 040 | _cAR-BaBNM | ||
| 245 | 0 | 0 |
_aHistoria de la literatura argentina _n4 |
| 260 |
_aBuenos Aires _bPeuser _c1959 |
||
| 300 |
_a676 p. _bil |
||
| 650 | 4 | _aLITERATURA ARGENTINA | |
| 650 | 4 | _aHISTORIA LITERARIA | |
| 650 | 4 | _aPERIODO COLONIAL | |
| 650 | 4 | _aGUERRAS DE LA INDEPENDENCIA | |
| 650 | 4 | _aANALISIS LITERARIO | |
| 655 | _aLITERATURA | ||
| 700 | 1 |
_aArrieta, Rafael Alberto _edirector |
|
| 942 | _cBK | ||
| 998 | _cCARMEN | ||
| 999 |
_c3589 _d3589 |
||